| 000 | 01151 a2200217 4500 | ||
|---|---|---|---|
| 001 | 57037 | ||
| 005 | 20260407155833.0 | ||
| 008 | 260407a1968 arg spa d | ||
| 003 | AR-UNSa-BCEJYS | ||
| 040 |
_aAR-UNSa-BCEJYS _bspa _cAR-UNSa-BCEJYS |
||
| 080 |
_a665.6/.7 _xProcesos y productos de la industria del petróleo e industrias análogas |
||
| 245 | 1 | 0 | _aGeografía económica del Petróleo |
| 264 | 1 |
_aBarcelona : _bOikos-tau _c1968 |
|
| 300 |
_a272 p. _c21 cm. |
||
| 505 | _aPrimera Parte: 1.La base de recursos de la industria – 2.La estructura mundial de la producción – 3.La estructura de la producción los factores determinantes. segunda parte: 4.La estructura del consumo de petróleo – 5.Factores determinantes de la estructura de la demanda del petróleo .Tercera parte: 6.La estructura del refinado y los determinantes de la localización de las refinerías – 7.Transporte y distribución. Cuarta parte: CONCLUSION 8.La industria del petróleo y el desarrollo económico. | ||
| 041 | _aspa | ||
| 942 | _cBK | ||
| 590 | _aniveau_biblio:m niveau_hierar:0 | ||
| 100 | 1 | _aOdell, Peter | |
| 700 | 1 | _aCasahuga Vinardell, Antonio | |
| 999 |
_c6105 _d6105 |
||